LEADER 00877nam0-22002891i-450- 001 990004064110403321 005 20051125125432.0 010 $a0-300-07219-8 035 $a000406411 035 $aFED01000406411 035 $a(Aleph)000406411FED01 035 $a000406411 100 $a19990604d1997----km-y0itay50------ba 101 0 $aeng 105 $aa-------00--- 200 1 $aCosmé Tura of Ferrara$estyle, politics and the renaissance city$e1450-1495$fStephen J. Campbell 210 $aNew Haven$cYale University Press$dc1997 215 $aXI, 207 p.$c117 ill.$d30 cm 676 $a759.54$v21$zita 700 1$aCampbell,$bStephen John$f<1963- >$0156319 801 0$aIT$bUNINA$gRICA$2UNIMARC 901 $aBK 912 $a990004064110403321 952 $a759.54 TUR 1$bBibl.25580$fFLFBC 959 $aFLFBC 996 $aCosmé Tura of Ferrara$9469858 997 $aUNINA LEADER 01413nam0 22003131i 450 001 UON00322978 005 20231205104148.344 010 $a38-321-7423-0 100 $a20090417d2004 |0itac50 ba 101 $ager 102 $aDE 105 $a|||| 1|||| 200 1 $aExellenz weltweit$edie Alexander von Humboldt-Stiftung zwischen Wissenschaftsförderung und auswärtiger Kulturpolitik, 1953-2003$fChristian Jansen$gunter Mitarbeit von Christoph Nensa 210 $aKöln$cDumont$dc2004 215 $a248 p.$d25 cm. 316 $aDono del Goethe-Institut di Napoli. - Ex n.inv.: 05/1$5IT-UONSI F. Goethe6EXZ/0296 606 $aAlexander von Humboldt-Stiftung$xStoria$3UONC071444$2FI 606 $aDONAZIONE$xGermania$xStoria$3UONC071445$2FI 620 $aDE$dKöln$3UONL005641 676 $a063$cOrganizzazioni generali nell'Europa centrale. In Germania$v21 700 1$aJANSEN$bChristian$3UONV184025$0699474 702 1$aNENSA$bChristoph$3UONV184027 712 $aDuMont$3UONV248836$4650 801 $aIT$bSOL$c20250523$gRICA 899 $aSIBA - SISTEMA BIBLIOTECARIO DI ATENEO$2UONSI 912 $aUON00322978 950 $aSIBA - SISTEMA BIBLIOTECARIO DI ATENEO$dSI F. Goethe 6 EXZ 0296 $eSI LO 72335 5 0296 Dono del Goethe-Institut di Napoli. - Ex n.inv.: 05/1 996 $aExellenz weltweit$91371994 997 $aUNIOR